000 00698nam a22002177a 4500
003 CO-ViMGA
008 160907b xxu||||| |||| 00| 0 eng d
020 _a9789583001086
040 _aCO-ViMGA
_bspa
_cCO-ViMGA
082 0 4 _a863.6
_bV17a
100 1 _aVargas Vila, Jose Maria
_d1860-1933
_95772
245 1 0 _aAura o las violetas,
_bEmma /
_cJose Maria Vargas Vila
250 _a3a. ed. /
260 _aSanta fe de Bogota :
_bPanamericana.
_c1999
300 _a89 p.:
_b20 cm.
490 _acoleccion letras latinoamericas.
500 _aincluye indice y prologo
650 1 4 _aliteratura
_vNovela
_zcolombia
_95773
650 1 4 _aNovela Amorosa
_vNovela colombiana
_zcolombia
_95774
942 _2ddc
_cBK
999 _c2982
_d2982